UNIX-Werkzeuge zur Programmentwicklung

Gespeichert in:
Bibliographische Detailangaben
Format: Buch
Sprache:Deutsch
Veröffentlicht: Berlin Technik 1989
Ausgabe:1. Aufl.
Tags: Tag hinzufügen
Keine Tags, Fügen Sie das erste Tag hinzu!

MARC

LEADER 00000nam a2200000 4500
001 c030448
005 20260121070453.9
041 0 |a ger 
044 |a DE 
245 1 0 |a UNIX-Werkzeuge zur Programmentwicklung  |c Christoph Polze 
250 |a 1. Aufl. 
264 1 |a Berlin  |b Technik  |c 1989 
300 |a 239 s.